Datum a čas kvízu
34
Celkem bodů
Celkový počet nahraných bodů na tomto kvízu bez doplňovacích otázek.
5.
Pořadí na kvízu
Konečné umístění týmu na tomto kvízu.
Zaznamenané odpovědi
| # | Otázka | Odpověď | Body | Výsledky |
|---|---|---|---|---|
| 1. | "Na cestě zpět na Zemi jsme na... | 6000 | 1 | |
| 2. | "Moje hlava je plná zbytečných... | do kumbálu s košťaty | 1 | |
| 3. | Snědá kůže, hnědé oči, tmavé v... | Gibson (Les Paul) | 1 | |
| 4. | Pravděpodobně nejméně oblíbený... | 12 minut | 1 | |
| 5. | K Rimmerovi se vrátíme ještě j... | eunuch u Alexandra Velikého | 1 | |
| 6. | Nejznámějšími zástupci umělé i... | Nova 5 | 1 | |
| 7. | Robíci jsou malí servisní robo... | Bob, Bubla, Madge, Prcek | 0 | |
| 8. | V jednom dobrodružství objevil... | Levou bradavku k nastavení rádia, pravou k regulaci tělesné teploty. | 1 | |
| 9. | "Tě péro, sombréro! Tak co živ... | Švitorka | 1 | |
| 10. | Jak již bylo řečeno, palubní p... | I a J | 0 |